header

Fashioning adultery (Record no. 174836)

MARC details
000 -LEADER
fixed length control field 01394nam a22003374a 4500
082 04 - DEWEY DECIMAL CLASSIFICATION NUMBER
Classification number 306.73/6/0942
100 1# - MAIN ENTRY--AUTHOR NAME
Personal name Turner, David M.,
245 10 - TITLE STATEMENT
Title Fashioning adultery
260 ## - PUBLICATION, DISTRIBUTION, ETC. (IMPRINT)
Place of publication Cambridge, UK ;
-- New York :
Name of publisher Cambridge University Press,
Year of publication 2002.
300 ## - PHYSICAL DESCRIPTION
Number of Pages xii, 236 p.
490 1# - SERIES STATEMENT
Series statement Past and present publications
650 #0 - SUBJECT ADDED ENTRY--TOPICAL TERM
Topical Term Adultery
856 40 - ELECTRONIC LOCATION AND ACCESS
Uniform Resource Identifier http://site.ebrary.com/lib/rucke/Doc?id=10030919

No items available.

© 2026 Rongo University
Contact us: librarian | system librarian | Rongo university